Spanish Missions / (Record no. 5384)

MARC details
000 -LEADER
fixed length control field 01432nam a22002897a 4500
001 - CONTROL NUMBER
control field 5384
003 - CONTROL NUMBER IDENTIFIER
control field FISKH
005 - DATE AND TIME OF LATEST TRANSACTION
control field 20241129151333.0
008 - FIXED-LENGTH DATA ELEMENTS--GENERAL INFORMATION
fixed length control field 241129b cb ||||| |||| 00| 0 eng d
020 ## - INTERNATIONAL STANDARD BOOK NUMBER
International Standard Book Number 9780531212387
040 ## - CATALOGING SOURCE
Original cataloging agency FISKH
Language of cataloging eng
Transcribing agency FISKH
Modifying agency FISKH
050 ## - LIBRARY OF CONGRESS CALL NUMBER
Classification number HE6375.P476
082 ## - DEWEY DECIMAL CLASSIFICATION NUMBER
Classification number 266.279
100 ## - MAIN ENTRY--PERSONAL NAME
Personal name Perritano, John
245 ## - TITLE STATEMENT
Title Spanish Missions /
Statement of responsibility, etc. by John Perritano
260 ## - PUBLICATION, DISTRIBUTION, ETC.
Place of publication, distribution, etc. New York :
Name of publisher, distributor, etc. Children's Press ;
Date of publication, distribution, etc. 2010 .
300 ## - PHYSICAL DESCRIPTION
Extent 48 pages :
Other physical details color illustrations ;
Dimensions 22 cm .
490 ## - SERIES STATEMENT
Series statement A True Book
505 ## - FORMATTED CONTENTS NOTE
Formatted contents note Z <br/>
520 ## - SUMMARY, ETC.
Summary, etc. Beginning with a pithy account that delves into the conquer-and-cash-in strategy of Spanish exploration, it then nicely outlines what missions are (essentially small villages), who built them (priests and soldiers), and why they were built (to convert the natives and control the land). With an evenhanded tone, Perritano also touches on important Spanish priests (both admirable and despicable), Native revolts, and various missions in what is now Mexico and the southwestern U.S. The colorful, amply illustrated design makes for an accessible read - review by Ian Chipman, Booklist. Ages 8-12.
521 8# - TARGET AUDIENCE NOTE
Target audience note 950 <br/>
Source Lexile <br/>
521 8# - TARGET AUDIENCE NOTE
Target audience note Z <br/>
Source Raz-Plus <br/>
650 ## - SUBJECT ADDED ENTRY--TOPICAL TERM
Topical term or geographic name entry element Mission, Spanish- Southwest, New- History
Form subdivision Juvenile literature
650 ## - SUBJECT ADDED ENTRY--TOPICAL TERM
Topical term or geographic name entry element Spaniards- Southwest , New- History
Form subdivision Juvenile literature
942 ## - ADDED ENTRY ELEMENTS (KOHA)
Source of classification or shelving scheme Dewey Decimal Classification
Koha item type Books
Suppress in OPAC No
Holdings
Withdrawn status Lost status Source of classification or shelving scheme Damaged status Not for loan Collection Home library Current library Shelving location Date acquired Total Checkouts Full call number Barcode Date last seen Copy number Price effective from Koha item type
    Dewey Decimal Classification     Non-Fiction Footprints International School Library Network Toul Tom Poung Campus Footprints International School Library Network Toul Tom Poung Campus TTP Secondary Non-Fiction Bookshelves 11/29/2024   PER 266.279 HE6375.P476 FISSE00807 11/29/2024 1 11/29/2024 Books
    Dewey Decimal Classification     Non-Fiction Footprints International School Library Network Toul Tom Poung Campus Footprints International School Library Network Toul Tom Poung Campus TTP Secondary Non-Fiction Bookshelves 06/16/2025   PER 266.279 HE6375.P476 2025-1647 06/16/2025 2 06/16/2025 Books